巨いなる企業家・渋沢栄一の全研究 : 日本株式会社をつくった男

Zapisane w:
Opis bibliograficzny
1. autor: 井上宏生(いのうえ ひろお)
Format: Książka
Język:Undetermined
Wydane: 京都 PHP研究所 1983
Hasła przedmiotowe:
Etykiety: Dodaj etykietę
Nie ma etykietki, Dołącz pierwszą etykiete!
Thư viện lưu trữ: Trung tâm Học liệu Trường Đại học Cần Thơ
LEADER 00593nam a2200193Ia 4500
001 CTU_97598
008 210402s9999 xx 000 0 und d
082 |a 658.409 
082 |b I.58 
100 |a 井上宏生(いのうえ ひろお) 
245 0 |a 巨いなる企業家・渋沢栄一の全研究 : 
245 0 |b 日本株式会社をつくった男 
245 0 |c 井上宏生 
260 |a 京都 
260 |b PHP研究所 
260 |c 1983 
650 |a 渋沢栄一(1840〜1931),Success in Business 
904 |i Ngoc 
980 |a Trung tâm Học liệu Trường Đại học Cần Thơ